Stoneflight /

Janie uses her power to put life in the stone animals that ornament New York buildings to escape her parents' quarreling, but when the animals start to turn her into stone she learns that having feelings is the price of remaining human.

Bibliographic Details
Main Author: McHargue, Georgess
Other Authors: Stewart, Arvis L.
Format: Book
Language:English
Published: New York : Viking Press, [1975]
Edition:[1st ed.].
Subjects:

MARC

Tag First Indicator Second Indicator Subfields
LEADER 00000pam a2200000 4500
001 in00000497913
005 20151013060756.0
008 740607s1975 nyu j 00001 eng
010 |a  74011146  
020 |a 067067107X 
035 |a (OCoLC)00940803 
035 |9 ACC8796AM 
040 |a DLC  |c DLC  |d TXA  |d UtOrBLW 
049 |a TXAM  |c [1551455] 
050 0 0 |a PZ7.M183  |b St 
082 0 |a [Fic] 
100 1 |a McHargue, Georgess. 
245 1 0 |a Stoneflight /  |c Drawings by Arvis Stewart. 
250 |a [1st ed.]. 
264 1 |a New York :  |b Viking Press,  |c [1975] 
300 |a 223 pages ;  |c 22 cm. 
336 |a text  |b txt  |2 rdacontent 
337 |a unmediated  |b n  |2 rdamedia 
338 |a volume  |b nc  |2 rdacarrier 
520 |a Janie uses her power to put life in the stone animals that ornament New York buildings to escape her parents' quarreling, but when the animals start to turn her into stone she learns that having feelings is the price of remaining human. 
650 1 |a Family life  |x Fiction. 
650 1 |a Fantasy. 
700 1 |a Stewart, Arvis L. 
999 |a MARS 
999 f f |s 3c9a7cfc-e600-3efd-9792-d17cfb9303ca  |i f98505a2-180d-389b-bbd7-b52c94eb7906  |t 0 
952 f f |p normal  |a Texas A&M University  |b College Station  |c Sterling C. Evans Library  |d Evans: Library Stacks  |t 0  |e PZ7.M183 St  |h Library of Congress classification  |i unmediated -- volume  |m A14804353559 
998 f f |a PZ7.M183 St  |t 0  |l Evans: Library Stacks